| 000 | 00589nam a22001937a 4500 | ||
|---|---|---|---|
| 003 | LK-CoMWRAF | ||
| 005 | 20240119213425.0 | ||
| 008 | 231028b |||||||| |||| 00| 0 eng d | ||
| 020 | _a9789554574304 | ||
| 040 |
_aLK-CoMWRAF _dLK-CoMWRAF _eLK-CoMWRAF |
||
| 041 | _asin | ||
| 082 |
_a891.483 _bWET |
||
| 100 |
_aවෙත්තසිංහ, සිබිල් _vWeththasinghe, Sybil |
||
| 245 | _aවැනියං කළු වැනීයං | ||
| 246 | _aWaniyan kalu waneeyan | ||
| 260 | _bආදිත් ප්රකාශන | ||
| 650 | _aළමා කතා | ||
| 942 | _cBK | ||
| 999 |
_c4026 _d4026 |
||